In cosa crede chi non crede? (Record n. 95482)

Dettagli MARC
000 -LEADER
fixed length control field 01660nam a2200313Ia 4500
001 - CONTROL NUMBER
control field E5526
003 - CONTROL NUMBER IDENTIFIER
control field IT-RoPAU
008 - FIXED-LENGTH DATA ELEMENTS--GENERAL INFORMATION
fixed length control field 130308s9999 xx 000 0 und d
040 ## - CATALOGING SOURCE
Original cataloging agency IT-RoPAU
040 ## - CATALOGING SOURCE
Transcribing agency IT-RoPAU
041 ## - LANGUAGE CODE
Language code of text/sound track or separate title ITALIANO
100 ## - MAIN ENTRY--PERSONAL NAME
Personal name Martini Carlo Maria
100 ## - MAIN ENTRY--PERSONAL NAME
Miscellaneous information Codice Aut. SPICS: 18349
245 ## - TITLE STATEMENT
Title In cosa crede chi non crede?
245 ## - TITLE STATEMENT
Remainder of title In Cosa crede Chi Non Crede?
250 ## - EDITION STATEMENT
Edition statement 2a ed.
260 ## - PUBLICATION, DISTRIBUTION, ETC. (IMPRINT)
Place of publication, distribution, etc. ROMA
260 ## - PUBLICATION, DISTRIBUTION, ETC. (IMPRINT)
Name of publisher, distributor, etc. Atlantide
260 ## - PUBLICATION, DISTRIBUTION, ETC. (IMPRINT)
Date of publication, distribution, etc. 1997 [1° Ed.:1996 - Ed.Ling.Originale:1996]
300 ## - PHYSICAL DESCRIPTION
Extent "160 p. (prefazione: 10; testo: 150)"
500 ## - GENERAL NOTE
General note "Dialoghi tra Il Card. Carlo Maria Martini e Umberto Eco Sui Temi: Ossessione Laica della Nuova Apocalisse, la speranza Fa della Fine un Fine, Quando Inizia la Vita Umana, la Vita Umana partecipa della Vita di Dio, Maschi e Femmine Secondo la Chiesa, la Chiesa No Soddisfa Attese Ma Celebra Misteri, Dove trova Il Laico la Luce del Bene, Quando Entra in scena l'altro Nasce L'Etica, Ma l'etica Ha Bisogno della Verità. Alcune Riflessioni di Contornoda parte di Altri Autori: Emanuele Severino: Tecnica Come Tramonto di Ognibuona Fede; Manlio Sgalambro: Il Bene Non Puo' Fondarsi su un Dio Omicida;Eugenio Scalfari: per Agire Moralmente Affidiamoci All'Istinto; Indro Montanelli: della mancanza di fede Come Ingiustizia; Vittorio Foa: Come vivo nel Mondo, Ecco Il mio Fondamento; Claudio Martelli: Credo Laico dell'Umanesimo Cristiano."
650 ## - SUBJECT ADDED ENTRY--TOPICAL TERM
Topical term or geographic name as entry element PASTORALE E CULTURE
650 ## - SUBJECT ADDED ENTRY--TOPICAL TERM
Relator term Codice materia Spics: 9302
700 ## - ADDED ENTRY--PERSONAL NAME
Personal name Eco UmbertoAA.VV.
700 ## - ADDED ENTRY--PERSONAL NAME
Miscellaneous information Codice Aut. SPICS: 7017Codice Aut. SPICS: 12000
942 ## - ADDED ENTRY ELEMENTS (KOHA)
Koha item type LIBRO
957 ## -
-- 1
999 ## - SYSTEM CONTROL NUMBERS (KOHA)
-- 1
Dati di copia
Withdrawn status Lost status Damaged status Not for loan Home library Current library Date acquired Total Checkouts Full call number Date last seen Price effective from Koha item type Public note
    Buone Condizioni Not For Loan SPICS-MEDIATECA SPICS-MEDIATECA 08/03/2013   E5526 08/03/2013 08/03/2013 LIBRO Progressivo inserimento: 59015 / N. Volumi: 1 Copie: 1 / data import: 1 marzo 2013 - By Epidotti, Trombetti, Vaglietti.
CREDITS: SOCIETA' SAN PAOLO Via A.Severo, 58 - ROMA (RM) & PERIODICI SAN PAOLO SRL Via Giotto, 36 MILANO & CISF Via Giotto, 36 MILANO & EDIZIONI SAN PAOLO SRL,  Piazza Soncino, 5 CINISELLO BALSAMO (MI) -- ITALY